000 00523nam a2200157 i 4500
001 64911
003 ES-MaACL
005 20230906165242.0
007 t|
008 040107s1963 sp ||||1| spa d
100 1 _aFossati, Carlo.
_951895
245 1 0 _aSugerencias, simplificaciones y modificaciones técnicas de utilidad práctica para el laboratorio de análisis clínicos /
_cCarlos Fossati.
260 _aMadrid :
_bPaz Montalvo,
_c1963.
300 _a313 p. :
_bil. ;
_c22 cm.
852 _aES-MaACL
_jC-23629
_bR.52091
999 _c64911
_d64911